000 02215nam2a2200265 4500
001 RU\NLR\BIBL_A\022786603
005 20260527144848.0
010 _a978-5-6054018-8-9
_bч. 2
021 _aRU
_bКН-П-26-011356
_9КН-П-26-1079:27.02.2026
035 _a(NLR Aleph) 022786603
090 _a13693733
_c13693733
100 _a20260416d2025 k y0rusy50 ca
101 0 _arus
_deng
102 _aRU
105 _aa z 110yy
200 0 _aЧ. 2
210 _d2025
215 _a331 с.
_cил., табл.
461 0 _1001RU\NLR\BIBL_A\022785970
_12001#$aСборник трудов молодых ученых и студентов XV международной научно-практической конференции "Россия и мир: развитие цивилизаций. Уроки Великой Победы и новое мироустройство", (2–3 апреля 2025 года)$vЧ. 2
_913703545
_a"Россия и мир: развитие цивилизаций. Уроки Великой Победы и новое мироустройство", международная научно-практическая конференция (15 ; 2025 ; Москва)
_cМосква
_d2025
_fУниверситет Мировых Цивилизаций имени В. В. Жириновского
_lCollection of works of young scientists and students XV international scientific and practical conference "Russia and the world: the development of civilizations. The lessons of the great victory and the new world order"
_nУМЦ
_oматериалы конференции : в двух частях
_tСборник трудов молодых ученых и студентов XV международной научно-практической конференции "Россия и мир: развитие цивилизаций. Уроки Великой Победы и новое мироустройство", (2–3 апреля 2025 года)
_y978-5-6054018-6-5
_vЧ. 2
606 1 _aПраво
_jСъезды, совещания и т.п
_9894779
_3RU\NLR\AUTH\664055
686 1 _aХ.я431
942 _cBOOK
980 _aNB